000 00389 a2200133 4500
001 ART_25874
005 20260410161602.0
008 260409a
245 1 0 _aInversiones en investigación y desarrollo
100 1 _aDíaz, Teresa
700 1 _aBertolino, Gisela
700 1 _aSuardi, Diana
773 0 _tProfesional & Empresaria
_g- Año VI, Nº 65 (feb. 2005)
_wREV70
999 _c9829
_d9829